Views of Kazakhstan - Statistics

General Stats
  • This quiz has been taken 10 times
  • The average score is 3 of 12
Answer Stats
Picture Answer % Correct
Astana
80%
Baiterek
60%
Green Bazaar
40%
28 Panfilov Guardsmen Park
20%
Altyn Emel National Park
20%
Ascension Cathedral
20%
Ile-Alatau National Park
20%
Medeu
20%
Charyn Canyon National Park
0%
Hazrat Sultan Mosque
0%
Kolsai Lakes National Park
0%
Shymbulak
0%
No matching quizzes found
Score Distribution
Percent of People with Each Score
Percentile by Number Answered
Your Score History
You have not taken this quiz